| 000 | 01603nab a2200337 a 4500 | ||
|---|---|---|---|
| 005 | 20210219162246.0 | ||
| 008 | 991125s1985 mx 000 0 spa u | ||
| 035 | _aUPN01000200697 | ||
| 049 | _aART-E | ||
| 100 | 1 | _aSantiago Campión, Raúl | |
| 100 | 1 | _uraul.santiago@unirioja.es | |
| 100 | 1 | _aAmo Filvà, Daniel | |
| 100 | 1 | _udamof@uoc.edu | |
| 100 | 1 | _aDíez Ochoa, Alicia | |
| 100 | 1 | _ualiciadiez@me.com | |
| 222 | 0 | 0 |
_aEDUTEC : _bREVISTA ELECTRONICA DE TECNOLOGIA EDUCATIVA |
| 245 | 0 | 0 | _a¿Pueden las aplicaciones educativas de los dispositivos móviles ayudar al desarrollo de las inteligencias múltiples?. |
| 260 | _aEspaña | ||
| 300 | _a1-10 | ||
| 362 | 0 | _a2014 No. 47, abr. | |
| 520 | 3 | _aEn este artículo presentamos una propuesta práctica y concreta para abordar el desarrollo y potenciación de las inteligencias múltiples mediante el uso de aplicaciones educativas diseñadas para dispositivos móviles. La primera parte consistirá en describir el concepto y relevancia educativa de las inteligencias múltiples para luego considerar las ventajas de la incorporación de los dispositivos móviles y realizar una propuesta concreta de tres apps por cada una de las nueve inteligencias. | |
| 653 | 0 | _aINTELIGENCIAS MULTIPLES | |
| 653 | 0 | _aAPRENDIZAJE MOVIL | |
| 653 | 0 | _aAPLICACIONES EDUCATIVAS | |
| 856 | 4 | _uhttp://edutec.rediris.es/Revelec2/Revelec47/pdf/Edutec-e_n47_Santiago-Amo-Diez.pdf | |
| 905 | _aArticulo | ||
| 336 | _atexto$2rdacontent | ||
| 337 | _acomputadora$2rdamedia | ||
| 338 | _arecurso en linea$2rdacarrier | ||
| 999 |
_c172798 _d172798 |
||